000 00884nam a2200181 i 4500
001 189622
003 ES-MaACL
005 20250724075217.0
008 190703q1874 fr |||| | fre d
100 1 _aBeguyer de Chancourtois, Alexandre-Emile.
_927043
245 1 0 _aProgramme d'un système de géographie
_b: fondé sur l'usage des mesures décimales, d'un méridien... international et des projections stéréographique et gnomonique /
_cpar M. A.-E. Beguyer de Chancourtois.
260 _aParis :
_bGauthier-Villars, Imp.-Lib.,
_c[1874]
300 _a12 p. ;
_c27 cm.
595 _aExtrait du Mémoire explicatif.
650 7 _aGeodesia
_2embne
_913068
852 _aES-MaACL
_jL-32451(9)
_z- Enc. cart.
_z. - Legado Federico de Botella y de Hornos
_z- Enc. en un vol. facticio, con tít. en el lomo de: Rapport sur les progrés de la stratigraphie
999 _c189622
_d189622